Mathematics handbook for science and engineering /

Saved in:
Bibliographic Details
Main Author: Rade, Lennard
Other Authors: Westergren, Bertil
Format: Book (Paper)
Language:English
Published: : , 1995
Tags: Add Tag
No Tags, Be the first to tag this record!
Institutions: Thư viện Trường Đại học Đà Lạt
LEADER 00622nam a2200265 4500
001 DLU020019455
005 ##1/11/2002
020 # # |a 978- 
041 # # |a eng 
082 # # |a 510  |b RA-L 
090 # # |a 510  |b RA-L 
100 # # |a Rade, Lennard 
245 # # |a Mathematics handbook for science and engineering /  |c Rade Lennard, Westergren Bertil 
260 # # |a  :  |b  ,  |c 1995 
300 # # |a 539 tr.;   |c 21 cm. 
700 # # |a Westergren, Bertil 
992 # # |a 26000 
994 # # |a DLU 
900 # # |a False 
911 # # |a Administrator 
925 # # |a G 
926 # # |a A 
927 # # |a SH 
980 # # |a Thư viện Trường Đại học Đà Lạt